Transzendentale einbildungskraft : (Registro nro. 692)

Detalles MARC
000 -Cabecera
Campo de control interno 00503nam a2200181Ia 4500
005 - Fecha y hora del registro
control field 20260306140536.0
008 - Elementos de Longitud Fija
fixed length control field 260306t1970||||xx |||||||||||||| ||spa||
041 ## - Idioma
Codigo Idioma ESP
082 ## - DEWEY y NOTACIÓN INTERNA
Dewey 141
Notación Interna I47
100 ## - AUTOR
Autor denominación Inciarte, Von Fernando
Término de relación autor
245 #0 - TÍTULO DE MATERIAL BIBLIOGRÁFICO
Título Transzendentale einbildungskraft :
Título paralelo zu fichtes fruhphilosophie im zusammen hang des transzendentalen idealismus
260 ## - CIUDAD, EDITORIAL, AÑO
Año 1970
300 ## - DESCRIPCIÓN
N° Páginas 172 páginas :
Dimensiones 23 cm.
650 ## - TEMAS
Temas Generalidades
654 ## - PROGRAMAS
Programa Dpto. de Humanidades
942 ## - ELEMENTOS DE KOHA
Tipo de documento Libro
Nombre del creador Justo Noguera
Código de catalogador Justo Noguera
Esquema de clasificación Dewey Decimal Classification
Suppress in OPAC
Existencias
Codigo completo Registro Colección Copia número Disponibilidad Tipo de préstamo Biblioteca Actual Procedencia (Biblioteca) Ubicacón Fecha Ingreso Tipo de Adquisición Date last seen Total checkouts Price effective from Tipo de Item Estado del Material Fuente de Clasificación Damaged status Withdrawn status
141 I47 1050848 Colección Navarra 1 Disponible Disponible Víctor Andrés Belaunde Víctor Andrés Belaunde Planta baja abierta 03/06/2026 Donación 06/03/2026   06/03/2026 Libro Bueno Dewey Decimal Classification